| 000 | 00796nas a2200277 4500 | ||
|---|---|---|---|
| 001 | BR9207192 | ||
| 003 | BR-BrBNA | ||
| 005 | 20231205095003.0 | ||
| 007 | ta | ||
| 008 | 230509b bl.|||p| |||| 00| 00por d | ||
| 040 |
_aBR-BrBNA _bpor _cBiblioteca Nacional de Agricultura |
||
| 041 | _a(Pt) | ||
| 072 | _aH20 | ||
| 100 | 1 | _aAnon. | |
| 245 | 1 | _aCasqueiro, a volta por cima [repudiadas como hospedeiras de doencas, as cascas sao hoje materia-prima de um composto para o solo] | |
| 650 | _aCacau | ||
| 650 | _aCasca | ||
| 650 | _aEsterco | ||
| 650 | _aDoenca de Planta | ||
| 650 | _aPodridao Parda | ||
| 650 | _aFungo | ||
| 650 | _aPratico | ||
| 773 | 0 |
_tGuia Rural (Brazil) _x _g(Jun 1991), p. 194-195 _wBR9207192 |
|
| 909 |
_a202311 _bLúcia _c55 _dLúcia Elande |
||
| 942 |
_2AGRIS _n0 _cANA |
||
| 999 |
_c148105 _d148105 |
||